[Event "9th Capo d'Orso Open 2017"]
[Site "Porto Mannu Palau ITA"]
[Date "2017.06.10"]
[Round "9.7"]
[White "Baenziger,Fabian"]
[Black "Heinig,Wo"]
[Result "1-0"]
[WhiteElo "2342"]
[BlackElo "2309"]

1.d4 c5 2.d5 e5 3.e4 d6 4.f4 Nd7 5.Nf3 exf4 6.Bxf4 Ngf6 7.Nbd2 Nh5 8.Be3 g6
9.Be2 Ndf6 10.e5 dxe5 11.Nxe5 Qxd5 12.Ndf3 a6 13.Bc4 Qxd1+ 14.Rxd1 Be6 15.Bxe6
fxe6 16.g4 Ng7 17.Bh6 Rg8 18.O-O Rd8 19.h3 Bd6 20.c4 Ke7 21.Rde1 Nge8 22.Ng5
Nc7 23.Rxf6 Kxf6 24.Nxh7+ Ke7 25.Bg5+ Ke8 26.Nf6+ {#r} 1-0

[Event "18th ch-EUR Indiv 2017"]
[Site "Minsk BLR"]
[Date "2017.06.06"]
[Round "7.20"]
[White "Andreikin,D"]
[Black "Kantans,T"]
[Result "1-0"]
[WhiteElo "2723"]
[BlackElo "2473"]

1.d4 Nf6 2.Bg5 Ne4 3.Bf4 c5 4.f3 Qa5+ 5.c3 Nf6 6.d5 Qb6 7.Bc1 d6 8.e4 g6 9.c4
Bg7 10.Ne2 O-O 11.Nec3 e6 12.Be2 exd5 13.cxd5 Nbd7 14.Na3 Qd8 15.Bg5 h6 16.Be3
Re8 17.Qd2 h5 18.O-O Ne5 19.Bg5 a6 20.f4 Neg4 21.Bxg4 hxg4 22.Rae1 b5 23.e5 b4
24.exf6 bxc3 25.Qxc3 Bf8 26.Nc4 Bf5 27.Rxe8 Qxe8 28.Re1 Qb5 29.Re7 Rd8 30.b3
Bb1 31.Qe1 Bf5 32.Qh4 Qb4 33.Re3 Qb7 34.Bh6 Qxd5 35.Bxf8 Qd1+ 36.Kf2 g3+
37.Kxg3 {#r} 1-0

[Event "12th American Continental"]
[Site "Medellin COL"]
[Date "2017.06.10"]
[Round "1.25"]
[White "Rios,Cr"]
[Black "Avila Pavas,Santiago"]
[Result "1-0"]
[WhiteElo "2499"]
[BlackElo "2056"]

1.d4 Nf6 2.Nc3 d5 3.Bf4 Bf5 4.f3 e6 5.g4 Bg6 6.h4 h5 7.g5 Nfd7 8.e3 a6 9.Bd3
Bxd3 10.Qxd3 c5 11.g6 f6 12.Bxb8 Rxb8 13.Nge2 Bd6 14.e4 cxd4 15.Qxd4 Ne5
16.O-O-O Nxf3 17.Qe3 d4 18.Qxf3 dxc3 19.e5 Qb6 20.Rxd6 Qxb2+ 21.Kd1 Qa1+
22.Nc1 Ke7 23.Qh3 f5 24.Qg2 Rhd8 25.Qg5+ Ke8 26.Ke2 Rxd6 27.exd6 {#r} 1-0

[Event "10th Mayors Cup Open 2017"]
[Site "Mumbai IND"]
[Date "2017.06.07"]
[Round "5.24"]
[White "Manush,S"]
[Black "Rathanvel,V"]
[Result "0-1"]
[WhiteElo "2056"]
[BlackElo "2361"]

1.d4 Nf6 2.Bf4 c5 3.e3 Qb6 4.Nc3 d6 5.Rb1 g6 6.h3 Bg7 7.Nf3 O-O 8.Be2 a6 9.O-O
Qc7 10.a4 Nbd7 11.Bh2 cxd4 12.exd4 Nb6 13.Qd2 Bd7 14.a5 Nc4 15.Bxc4 Qxc4
16.Qe2 Qxe2 17.Nxe2 Rfc8 18.c3 b6 19.axb6 Rab8 20.b3 Rxb6 21.Nd2 Bf5 22.Rbc1
Ne4 23.Bf4 Nxd2 24.Bxd2 Rxb3 25.Ng3 Bd3 26.Rfe1 Kf8 27.Re3 Bb5 28.f4 Rb2
29.Rd1 Rc4 30.Ne2 Ba4 31.Bc1 Rxe2 {#R} 0-1

[Event "10th Mayors Cup Open 2017"]
[Site "Mumbai IND"]
[Date "2017.06.07"]
[Round "6.6"]
[White "Rahman,Zia"]
[Black "Rathnakaran,K"]
[Result "1-0"]
[WhiteElo "2526"]
[BlackElo "2378"]

1.d4 Nf6 2.Bg5 c5 3.Nc3 cxd4 4.Qxd4 Nc6 5.Qh4 e6 6.O-O-O Qa5 7.e4 a6 8.f4 b5
9.Bxf6 gxf6 10.Kb1 Bb7 11.Nf3 Be7 12.f5 Rc8 13.Bd3 Nb4 14.a3 Nc6 15.Na2 b4
16.axb4 Nxb4 17.Nxb4 Qxb4 18.Rhe1 a5 19.fxe6 dxe6 20.Nd4 Bc6 21.c3 Qb6 22.Nxc6
Rxc6 23.e5 f5 24.Qa4 O-O 25.Bb5 Rb8 26.c4 Qf2 27.Qb3 Rc5 28.Qf3 Qh4 29.g3 Qh6
30.h4 Bf8 31.Rd7 Bg7 32.Qf4 Qg6 33.Ka2 Bh6 34.Qd4 Bf8 35.g4 fxg4 36.Rf1 h5
37.Rf6 Qc2 38.Rdxf7 Rcxb5 39.cxb5 a4 40.Qc3 Qd1 41.Rf1 Qd5+ 42.Ka1 Qxb5 43.Qc2
Bg7 44.R1f6 Qxe5 45.Rxg7+ {#r} 1-0

[Event "10th Mayors Cup Open 2017"]
[Site "Mumbai IND"]
[Date "2017.06.07"]
[Round "6.14"]
[White "Saurabh,K"]
[Black "Krishna Teja,N"]
[Result "1-0"]
[WhiteElo "2207"]
[BlackElo "2406"]

1.d4 Nf6 2.Bg5 Ne4 3.Bf4 d5 4.f3 Nf6 5.e4 dxe4 6.Nc3 exf3 7.Nxf3 c6 8.Bc4 Bf5
9.Qe2 Nbd7 10.d5 g6 11.O-O-O Bg7 12.dxc6 bxc6 13.Ne5 O-O 14.g4 Be6 15.Bxe6
fxe6 16.Nxd7 Nd5 17.Nxd5 exd5 18.Nxf8 Qxf8 19.Qe6+ Kh8 20.Be5 {#r} 1-0

[Event "10th Mayors Cup Open 2017"]
[Site "Mumbai IND"]
[Date "2017.06.09"]
[Round "8.8"]
[White "Rahman,Zia"]
[Black "Singh,DP"]
[Result "1-0"]
[WhiteElo "2526"]
[BlackElo "2132"]

1.d4 Nf6 2.Bg5 e6 3.Nd2 h6 4.Bh4 Be7 5.e4 d6 6.Bd3 O-O 7.Ngf3 Nc6 8.O-O e5
9.d5 Nb4 10.Bxf6 Bxf6 11.Be2 a5 12.Nc4 b6 13.a3 Na6 14.b4 Bd7 15.c3 g6 16.Bd3
Bg7 17.Qe2 Nb8 18.Ncd2 f5 19.Rac1 Be8 20.Bb5 Bf7 21.Qd3 f4 22.c4 axb4 23.axb4
Nd7 24.Ra1 Rb8 25.h3 g5 26.Nh2 h5 27.g4 Nf6 28.f3 Be8 29.Bxe8 Rxe8 30.Ra7 hxg4
31.fxg4 Re7 32.Rfa1 Kf7 33.Ndf3 Nh7 34.Qa3 Bf6 35.Qa4 b5 36.cxb5 Qe8 37.Ra5
Nf8 38.h4 Nh7 39.h5 Kg7 40.Rc1 Rf7 41.Rc6 Bd8 42.Ra8 Rb6 43.Rxb6 cxb6 44.Qc2
Qd7 45.Qc6 Kh6 46.Nxe5 {#r} 1-0

[Event "10th Mayors Cup Open 2017"]
[Site "Mumbai IND"]
[Date "2017.06.10"]
[Round "9.3"]
[White "Rahman,Zia"]
[Black "Sai,KG"]
[Result "1-0"]
[WhiteElo "2526"]
[BlackElo "2339"]

1.d4 Nf6 2.Bg5 c5 3.Nc3 d5 4.Bxf6 gxf6 5.e3 Nc6 6.Qh5 e6 7.Nf3 Bd7 8.Bb5 a6
9.Bxc6 Bxc6 10.O-O Qc7 11.a4 Rg8 12.dxc5 Bxc5 13.Nd4 O-O-O 14.Nxc6 Qxc6 15.g3
d4 16.exd4 Rxd4 17.Rad1 Rdg4 18.Rd3 R8g7 19.Rfd1 f5 20.b3 Kb8 21.Ne2 Qe4
22.R1d2 Bb6 23.Qh3 f4 24.Qg2 Qf5 25.Kf1 e5 26.Qd5 Bxf2 27.Qd8+ Ka7 28.Rd7 Bd4
29.Rxb7+ Kxb7 30.Qd5+ Kc7 31.Nxd4 Qf6 32.Qc5+ Kb7 33.Nf3 Qe6 34.Rd6 Qxd6
35.Qxd6 fxg3 36.Qd5+ Kb6 37.a5+ Ka7 38.Qc5+ Kb8 39.Qxe5+ Kc8 40.Qf5+ Kd8
41.Ne5 f6 42.Nxg4 {#r} 1-0

[Event "10th Mayors Cup Open 2017"]
[Site "Mumbai IND"]
[Date "2017.06.11"]
[Round "10.15"]
[White "Nitish,Belurkar"]
[Black "Rathnakaran,K"]
[Result "0-1"]
[WhiteElo "2265"]
[BlackElo "2378"]

1.d4 Nf6 2.Bg5 c5 3.d5 e5 4.Nc3 d6 5.e4 a6 6.a4 Be7 7.Bd2 Nbd7 8.Nge2 h5 9.g3
Rb8 10.a5 b5 11.axb6 Qxb6 12.Bg2 h4 13.Nc1 c4 14.Ra4 Nc5 15.Rxc4 Bg4 16.f3
hxg3 17.hxg3 Rxh1+ 18.Bxh1 Ncxe4 19.Nxe4 Nxe4 20.Rxe4 Qg1+ 21.Ke2 Qh2+ 22.Kd3
Bf5 23.g4 Bxe4+ 24.fxe4 Bd8 25.Nb3 a5 26.Nxa5 Bxa5 27.Bxa5 Rxb2 28.Bf3 Qf2
29.Bc3 Rb5 30.Qe2 Qa7 31.Kd2 Rb1 32.Qc4 g6 33.Be2 Kf8 34.Qa6 Qe7 35.Qd3 Qh4
36.Qf3 Rg1 37.Bd1 Rg3 38.Qf1 Qg5+ 39.Ke1 Qe3+ 40.Be2 Qxc3+ {#R} 0-1

[Event "44th OKU 2017"]
[Site "Utrecht NED"]
[Date "2017.06.09"]
[Round "1.8"]
[White "Boogaard,Sander"]
[Black "Van Overdam,Jul"]
[Result "0-1"]
[WhiteElo "2046"]
[BlackElo "2360"]

1.d4 Nf6 2.Nc3 a6 3.e4 d6 4.f4 Bg4 5.Nf3 e6 6.h3 Bxf3 7.Qxf3 c6 8.Be3 b5 9.e5
Nd5 10.Ne4 Nd7 11.Nxd6+ Bxd6 12.exd6 N7b6 13.Bd2 Qxd6 14.Qf2 O-O 15.Bd3 Nc4
16.Bxc4 bxc4 17.O-O Rab8 18.b3 c3 19.Be1 Rfd8 20.Rd1 Qa3 21.Rd3 Qxa2 22.Bxc3
Qa3 23.Ra1 Qd6 24.Rxa6 Ra8 25.Rxa8 Rxa8 26.Bd2 h6 27.c4 Ne7 28.Bc3 Ng6 29.g3
Ne7 30.Qd2 Qc7 31.Bb2 Nf5 32.Qc3 Qa7 33.b4 Rb8 34.Kh2 f6 35.Qe1 Kf7 36.Ra3 Qb7
37.Bc3 Ra8 38.Rxa8 Qxa8 39.Qa1 Qb7 40.Bd2 Qd7 41.Bc3 h5 42.h4 Qb7 43.Qe1 Qa6
44.Qe2 g6 45.b5 cxb5 46.cxb5 Qb7 47.Qc4 Qf3 48.Qc7+ Kg8 49.Qc8+ Kh7 50.Qc7+
Kh6 51.Bb4 Qf2+ {#R} 0-1

[Event "Mateu Chalmeta Mem 2017"]
[Site "Sant Boi ESP"]
[Date "2017.06.09"]
[Round "8.1"]
[White "Ryan,Jo"]
[Black "Chalmeta Ugas,R"]
[Result "1-0"]
[WhiteElo "2258"]
[BlackElo "2276"]

1.d4 Nf6 2.Bf4 g6 3.Nc3 d5 4.e3 Bg7 5.h4 c6 6.h5 Nxh5 7.Rxh5 gxh5 8.Qxh5 Nd7
9.Nf3 Nf6 10.Qh2 Bf5 11.O-O-O Bg6 12.Nd2 Qd7 13.Nb3 Qf5 14.Bd3 Qh5 15.Qg3 Qg4
16.Qh2 Qh5 17.Qg3 Qg4 18.Qh2 Bxd3 19.Rxd3 Qh5 20.Qg1 b6 21.f3 Nd7 22.g4 Qg6
23.Qh2 h5 24.g5 f6 25.gxf6 Nxf6 26.Ne2 h4 27.Qh3 Nd7 28.Rd1 Bf6 29.Bh2 Qf7
30.Nf4 e5 31.Ng6 Rh5 32.dxe5 Nxe5 33.Nf4 Rh6 34.Nd4 Qd7 35.Nf5 Rh8 36.Rg1
O-O-O 37.Ng6 Nxg6 38.Rxg6 Rdf8 39.e4 Qe6 40.e5 Kd7 41.Kd2 Rh5 42.exf6 Qxf5
43.Rg7+ Kd8 44.Qg2 Qxf6 45.Qg4 Qf5 46.Qb4 c5 47.Qb5 Rh7 48.Bc7+ {#r} 1-0

[Event "FSIM June 2017"]
[Site "Budapest HUN"]
[Date "2017.06.07"]
[Round "5.3"]
[White "Sahil,Tic"]
[Black "Balint,Vi"]
[Result "0-1"]
[WhiteElo "2229"]
[BlackElo "2229"]

1.d4 Nf6 2.Bf4 g6 3.Nc3 d5 4.e3 a6 5.Nf3 Bg4 6.Be2 Bg7 7.h3 Bxf3 8.Bxf3 O-O
9.O-O e6 10.e4 c6 11.e5 Nfd7 12.Ne2 Qb6 13.Qd2 c5 14.c3 Nc6 15.Rfd1 Rac8
16.Rac1 Rc7 17.Be3 cxd4 18.cxd4 Rfc8 19.Nc3 Na5 20.Na4 Qb5 21.b3 Bf8 22.Be2
Qb4 23.Nc5 Qxd2 24.Bxd2 Nc6 25.Nxb7 Ba3 26.Rb1 Rxb7 27.Bxa6 Rcb8 28.Bxb7 Rxb7
29.Bc1 Ra7 30.Bxa3 Rxa3 31.Rd2 Nb4 32.Rc1 Kg7 33.Rc7 Nb8 34.Rc1 N8a6 35.Ra1 g5
36.Kf1 Nc7 37.Rc1 Nb5 38.Rc5 Na7 39.Rc1 Kg6 40.Ke2 Nxa2 41.Rc5 Nb4 42.Rb2 Nac6
43.Ke3 Ra1 44.f3 Rd1 45.Rd2 Re1+ 46.Kf2 Rb1 47.Rc3 Na5 48.Kg3 Nxb3 49.Rf2 Nxd4
50.f4 gxf4+ 51.Kxf4 Re1 52.Rg3+ Kh6 53.Re3 Rd1 54.Kg4 Nf5 55.Rb3 Nd3 56.Re2
Nc1 {#R} 0-1

[Event "CHN Team Men 2017"]
[Site "Beijing CHN"]
[Date "2017.06.07"]
[Round "2.5"]
[White "Wang,Yiye"]
[Black "Zhou Jianchao"]
[Result "0-1"]
[WhiteElo "2438"]
[BlackElo "2595"]
[EventType "team"]

1.d4 Nf6 2.Bf4 d5 3.e3 c5 4.Nc3 cxd4 5.Nb5 Qa5+ 6.c3 dxc3 7.b4 Qxb4 8.Nc7+ Kd8
9.Nxa8 c2+ 10.Qd2 e5 11.Bxe5 Nc6 12.Bxf6+ gxf6 13.Rc1 Bf5 14.Ne2 d4 15.a3
Qxd2+ 16.Kxd2 Bxa3 17.Rxc2 dxe3+ 18.fxe3 Bxc2 19.Kxc2 Kd7 20.Nb6+ axb6 21.Nc3
Bc5 22.Bc4 Ne5 23.Bd5 Ng4 24.Bxb7 Nxe3+ 25.Kb3 f5 26.Bf3 Ke6 27.Re1 Rd8 28.Nd1
Rd3+ 29.Kb2 f4 30.Nxe3 fxe3 31.Kc2 Rd2+ 32.Kb3 Ke5 33.Rd1 Rf2 34.Kc4 Kf4
35.Kd3 f5 36.Ra1 Rd2+ 37.Kc4 e2 38.Kc3 Ke3 {#R} 0-1

[Event "CHN Team Women 2017"]
[Site "Beijing CHN"]
[Date "2017.06.08"]
[Round "3.2"]
[White "Ding Linlin"]
[Black "Chu,Ruotong"]
[Result "0-1"]
[WhiteElo "2170"]
[BlackElo "2147"]
[EventType "team"]

1.d4 Nf6 2.Bg5 d5 3.e3 c5 4.c3 Bf5 5.Nf3 Qb6 6.Qb3 c4 7.Qxb6 axb6 8.Na3 e6
9.Nb5 Ra5 10.a4 Bc2 11.Bf4 Nbd7 12.Be2 Bxa4 13.Nd6+ Bxd6 14.Bxd6 Ne4 15.Bb4
Ra6 16.Nd2 Nxd2 17.Kxd2 f5 18.g4 Nf6 19.Rhg1 fxg4 20.Bxg4 Kf7 21.Be2 Ne4+
22.Kc1 Bc6 23.Ba3 Rha8 24.Kc2 Ba4+ 25.Kc1 Bb3 26.Bd1 Bxd1 27.Bb4 {#R} 0-1

[Event "12th American Continental"]
[Site "Medellin COL"]
[Date "2017.06.11"]
[Round "2.18"]
[White "Herrera,Jua"]
[Black "Ramirez,Alej"]
[Result "0-1"]
[WhiteElo "2220"]
[BlackElo "2552"]

1.d4 d6 2.Nf3 Nf6 3.c4 g6 4.Nc3 Bf5 5.Qb3 Qc8 6.Nh4 Bd7 7.e4 Bg7 8.h3 O-O
9.Nf3 e5 10.d5 Nh5 11.c5 dxc5 12.Be3 b6 13.O-O-O c6 14.Kb1 cxd5 15.exd5 Na6
16.Bb5 Nc7 17.Be2 Nf4 18.Bf1 Qb7 19.Bxc5 Bf5+ 20.Ka1 Rfd8 21.Be7 Rd7 22.d6 Be6
23.Qa4 b5 24.Qa5 a6 25.Ng5 Bf5 26.f3 Ncd5 27.g4 Nxe7 28.dxe7 Rxd1+ 29.Nxd1
Qxe7 30.h4 Qd8 31.Qe1 Rc8 32.Nc3 Bd3 33.a3 Bc2 34.Rh2 Bb3 35.Nge4 Qe7 36.h5 f5
37.Nd2 Rxc3 38.hxg6 e4 39.gxh7+ Kh8 40.Nb1 Rc8 41.Qe3 Bf7 42.gxf5 Qe5 43.fxe4
Nd3 {#R} 0-1

[Event "12th American Continental"]
[Site "Medellin COL"]
[Date "2017.06.11"]
[Round "2.55"]
[White "Silva,En"]
[Black "Ruiz C,J"]
[Result "1-0"]
[WhiteElo "2119"]
[BlackElo "2367"]

1.d4 Nf6 2.Nf3 e6 3.Nbd2 c5 4.e3 b6 5.Bd3 Bb7 6.O-O Be7 7.c3 Nc6 8.e4 d5 9.e5
Nd7 10.a3 a5 11.Qe2 Qc8 12.b3 Ba6 13.Bb2 Bxd3 14.Qxd3 Qa6 15.Qe3 a4 16.b4 O-O
17.Ne1 Rfe8 18.f4 f5 19.Rf2 Kh8 20.h3 Rac8 21.Ndf3 Nf8 22.g4 Rc7 23.Kh2 Na7
24.Kg3 Rec8 25.dxc5 bxc5 26.gxf5 exf5 27.Rd1 Rd8 28.Rfd2 Rcd7 29.e6 Rd6 30.Ne5
Kg8 31.bxc5 Rxe6 32.Rxd5 Rxd5 33.Rxd5 Qb7 34.Qd2 Nc6 35.N1f3 Na5 36.c4 Nb3
37.Qb4 Qc8 38.Bd4 Qe8 39.Be3 Rh6 40.Qb5 Qh5 41.Ng1 Qh4+ 42.Kg2 Qe1 43.Qe8 Rf6
44.Bf2 Qe4+ 45.Ngf3 Bxc5 46.Rxc5 Nxc5 47.Bxc5 h6 48.Bxf8 Rxf8 49.Qe6+ Kh7
50.Nd7 Qc2+ 51.Kg3 Rd8 52.Qe7 Rc8 53.Nf8+ Kh8 54.Ne5 Qb3+ 55.Kh4 Qb6 56.Ned7
Qf2+ 57.Kh5 Qe2+ 58.Kg6 Qg2+ 59.Kf7 h5 60.h4 {#r} 1-0

[Event "10th Mayors Cup Open 2017"]
[Site "Mumbai IND"]
[Date "2017.06.06"]
[Round "4.2"]
[White "Raghunandan,K"]
[Black "Deepan,C"]
[Result "0-1"]
[WhiteElo "2410"]
[BlackElo "2480"]

1.d4 d6 2.Nf3 Nf6 3.c4 g6 4.Nc3 Bf5 5.Qb3 b6 6.g3 Bg7 7.Bg2 Nc6 8.Qd1 O-O
9.Nh4 Bd7 10.O-O Rb8 11.b3 Na5 12.Bb2 c5 13.Nf3 a6 14.Rc1 cxd4 15.Nxd4 b5
16.cxb5 axb5 17.e4 e6 18.Nc2 b4 19.Ne2 Bc6 20.Ne3 e5 21.Nc4 Nxc4 22.Rxc4 Rb6
23.Qd2 Qa8 24.Qxd6 Ra6 25.Qxb4 Rb8 26.Qd2 Nxe4 27.Qc2 Nxg3 28.Rxc6 Rxc6
29.Bxc6 Nxe2+ 30.Qxe2 Qxc6 31.f4 Rb4 32.Bxe5 Bxe5 33.Qxe5 Re4 34.Qb2 Qe6
35.Qf2 Re2 36.Qg3 Qb6+ 37.Kh1 Rxa2 38.f5 Qc6+ 39.Kg1 Qb6+ 40.Kh1 Rb2 41.fxg6
hxg6 42.Qf3 Qxb3 43.Qxb3 Rxb3 44.Kg2 Kg7 45.Ra1 Kh6 46.Ra7 f5 47.Ra6 Kh5
48.Rc6 g5 49.Rc2 Kg4 50.Rc5 Rb2+ 51.Kg1 f4 52.Rc8 Re2 53.Rf8 Kf3 {#R} 0-1

[Event "10th Mayors Cup Open 2017"]
[Site "Mumbai IND"]
[Date "2017.06.07"]
[Round "6.24"]
[White "Sreeshwan,Maralakshikari"]
[Black "Navalgund,N"]
[Result "0-1"]
[WhiteElo "2109"]
[BlackElo "2351"]

1.d4 Nf6 2.Nf3 c5 3.e3 g6 4.dxc5 Qa5+ 5.Nbd2 Qxc5 6.a3 Bg7 7.b4 Qc7 8.Bb2 O-O
9.Be2 b6 10.O-O Bb7 11.c4 d6 12.Rc1 Nbd7 13.h3 Rac8 14.Qb3 Qb8 15.Rfd1 Rfd8
16.Nd4 e6 17.Bf3 d5 18.cxd5 Nxd5 19.Nc4 a6 20.Ne2 b5 21.Na5 Ba8 22.Bxg7 Kxg7
23.Qb2+ Kg8 24.Nd4 Qe5 25.Rxc8 Rxc8 26.Rc1 Re8 27.Qd2 Qg5 28.Ndc6 N7f6 29.Rc5
Nd7 30.Rc2 N7b6 31.Qd4 e5 32.Qc5 e4 33.Be2 Qf6 34.Qd4 Qe6 35.Rc5 h5 36.Bd1 Rc8
37.Ne5 Re8 38.Nec6 Rc8 39.Ne5 Nf6 40.Rxc8+ Nxc8 41.Bb3 Bd5 42.Bxd5 Qxd5
43.Qxd5 Nxd5 44.Nb7 Nc7 45.Nd7 f5 46.Nbc5 Nd6 47.Nb8 Nc4 48.Nbxa6 Nxa6 49.Nxa6
Nxa3 50.Kf1 Kf7 51.Ke2 Ke6 52.Kd2 Kd6 53.Kc3 g5 54.Nc5 Nc4 55.g4 h4 56.gxf5
Ke5 57.f6 Nd6 58.Nd7+ Ke6 59.Nc5+ Ke5 60.Nd7+ Kd5 61.Nf8 g4 62.Ng6 gxh3
63.Nf4+ Ke5 64.Nxh3 Kxf6 65.Kd4 Kf5 66.Kc5 Kg4 67.Ng1 Nf5 68.Kd5 Ne7+ 69.Kxe4
Nc6 70.f4 Nxb4 71.f5 Nc6 72.f6 Nd8 73.Ke5 b4 74.Kd4 Kf5 75.Kc4 Kxf6 76.Kxb4
Kf5 77.Kc3 Kg4 78.Kd4 Ne6+ 79.Kd5 Ng5 80.e4 Kg3 81.Ne2+ Kf3 82.Ke5 Kxe2 83.Kf4
Kf2 84.e5 h3 85.Kxg5 h2 86.e6 h1=Q 87.Kf6 Qh6+ 88.Kf7 Qf4+ 89.Kg7 Qe5+ 90.Kf7
Qf5+ 91.Ke7 Ke3 92.Kd6 Qf6 93.Kd7 Qd4+ 94.Kc8 Qc4+ 95.Kd7 Qd5+ 96.Ke7 Kf4
97.Kf6 Qf5+ 98.Ke7 Ke5 {#R} 0-1

[Event "10th Mayors Cup Open 2017"]
[Site "Mumbai IND"]
[Date "2017.06.08"]
[Round "7.17"]
[White "Singh,DP"]
[Black "Sangma,R"]
[Result "1-0"]
[WhiteElo "2132"]
[BlackElo "2337"]

1.d4 Nf6 2.Nf3 e6 3.Nbd2 c5 4.e3 b6 5.Bd3 Bb7 6.O-O Nc6 7.c3 Qc7 8.a3 d5 9.Re1
g6 10.dxc5 bxc5 11.e4 Bg7 12.exd5 Nxd5 13.Ne4 Ne5 14.Bb5+ Bc6 15.Bxc6+ Qxc6
16.Nxe5 Bxe5 17.Bh6 O-O-O 18.Qf3 f6 19.Rab1 Rhe8 20.c4 Nb6 21.b4 cxb4 22.c5
Nd5 23.axb4 f5 24.Nd2 Bc3 25.Rec1 Bxd2 26.Bxd2 a6 27.Qe2 e5 28.b5 axb5 29.Rxb5
Kd7 30.Rcb1 Rc8 31.Qc4 f4 32.Re1 Re6 33.Rd1 Ke7 34.Ba5 Nc7 35.Rb6 Qe8 36.Rb7
Qc6 37.Rb6 Qe8 38.Rbd6 Kf6 39.Rd7 Na6 40.Bd8+ {#r} 1-0

[Event "44th OKU 2017"]
[Site "Utrecht NED"]
[Date "2017.06.10"]
[Round "3.1"]
[White "Horvath,Jo1"]
[Black "Van Overdam,Jul"]
[Result "1-0"]
[WhiteElo "2541"]
[BlackElo "2360"]

1.d4 Nf6 2.Nf3 e6 3.e3 b6 4.Bd3 Bb7 5.O-O Be7 6.c4 c5 7.Nc3 cxd4 8.exd4 d5
9.cxd5 Nxd5 10.Ne5 O-O 11.Qg4 Nf6 12.Qh4 Nc6 13.Bg5 g6 14.Ba6 h6 15.Qxh6 Ng4
16.Bxe7 Nxh6 17.Bxd8 Bxa6 18.Nxc6 Bxf1 19.Bg5 Bxg2 20.Kxg2 Kg7 21.d5 Rfc8
22.Ne7 Rc4 23.Bxh6+ Kxh6 24.dxe6 fxe6 25.Re1 Kg7 26.Rxe6 Rg4+ 27.Kf3 Rg1
28.Ne4 Rf8+ 29.Ke3 Rd8 30.Nc6 Rd7 31.Ne5 Rc7 32.h4 Kh6 33.Kf4 Rc8 34.Ng4+ Kh5
35.Ng3+ Kxh4 36.Rxg6 Rf8+ 37.Nf5+ Kh3 38.f3 Kg2 39.Rc6 Rb1 40.Rc2+ Kf1 41.Kg3
Ke1 42.Rh2 Rd1 43.Nfe3 Rd2 44.Rh7 Ke2 45.f4 Re8 46.f5 Kd3 47.Rd7+ Ke2 48.Rxa7
Rxb2 49.f6 Kd3 50.Rd7+ Ke4 51.Re7+ {#r} 1-0

[Event "18th ch-EUR Indiv 2017"]
[Site "Minsk BLR"]
[Date "2017.06.10"]
[Round "11.49"]
[White "Bernadskiy,V"]
[Black "Mista,A"]
[Result "0-1"]
[WhiteElo "2529"]
[BlackElo "2606"]

1.d4 Nf6 2.Nf3 g6 3.Nc3 d5 4.Bf4 Bg7 5.Nb5 Na6 6.e3 O-O 7.h4 Bg4 8.Be2 Bxf3
9.Bxf3 c5 10.c3 Qb6 11.a4 Rac8 12.Be5 Ne4 13.Bxg7 Kxg7 14.Bxe4 dxe4 15.Qg4
cxd4 16.exd4 Nc7 17.Qxe4 Ne6 18.h5 a6 19.hxg6 hxg6 20.d5 Nc5 21.Qd4+ f6 22.Qe3
axb5 23.Qxe7+ Rf7 24.Rh7+ Kxh7 25.Qxf7+ Kh6 26.O-O-O Nb3+ 27.Kb1 Qxf2 28.Qxb7
Rc5 29.Qa7 Qe2 30.Rh1+ Kg5 31.Qh7 Nd2+ 32.Ka1 Rc4 33.Qh6+ Kf5 34.Qh3+ Rg4
35.axb5 Qxb5 36.b4 Qa4+ 37.Kb2 Nc4+ {#R} 0-1

[Event "10th Mayors Cup Open 2017"]
[Site "Mumbai IND"]
[Date "2017.06.11"]
[Round "10.2"]
[White "Deviatkin,A"]
[Black "Amonatov,F"]
[Result "0-1"]
[WhiteElo "2481"]
[BlackElo "2632"]

1.d4 Nf6 2.Nf3 g6 3.Bg5 Bg7 4.Nbd2 O-O 5.c3 d5 6.e3 Nbd7 7.Be2 Re8 8.O-O h6
9.Bh4 e5 10.h3 c5 11.Bg3 exd4 12.exd4 Ne4 13.Bf4 Qb6 14.Rb1 Ndf6 15.dxc5 Nxc5
16.Nd4 Bd7 17.N2f3 Nfe4 18.Be3 Ng3 19.Re1 Rxe3 20.fxe3 Re8 21.Bd3 h5 22.b4
Nce4 23.Qc2 g5 24.Bxe4 Nxe4 25.Nd2 g4 26.hxg4 Nxc3 27.Qxc3 Rxe3 28.Qxe3 Bxd4
29.Nf1 hxg4 30.a3 Bxe3+ 31.Nxe3 d4 32.Nc4 Qh6 33.Ne5 g3 34.Nf3 Bc6 35.Rb2 d3
{#R} 0-1

[Event "9th Lublin GM 2017"]
[Site "Lublin POL"]
[Date "2017.06.09"]
[Round "8.5"]
[White "Molenda,Marcin"]
[Black "Llaneza Vega,M"]
[Result "1-0"]
[WhiteElo "2421"]
[BlackElo "2424"]

1.d4 Nf6 2.Nf3 g6 3.Bf4 Bg7 4.e3 O-O 5.h3 d6 6.Be2 c5 7.O-O Nc6 8.c3 Be6
9.dxc5 dxc5 10.Nbd2 a6 11.a4 Bf5 12.Re1 Ne4 13.Nc4 b5 14.Qxd8 Raxd8 15.Nce5
Nxe5 16.Nxe5 g5 17.Nc6 gxf4 18.Nxe7+ Kh8 19.Nxf5 fxe3 20.fxe3 Rd2 21.Nxg7 Kxg7
22.axb5 axb5 23.Bxb5 Rxb2 24.c4 Rd8 25.Bc6 f5 26.Bd5 Nf6 27.Ra7+ Kh6 28.Ra6
Kg7 29.Rd1 Rc2 30.Rd3 Nxd5 31.Rxd5 Rxd5 32.cxd5 Rd2 33.d6 c4 34.Rc6 c3 35.Rxc3
Rxd6 36.Kf2 Kf6 37.Kf3 Ra6 38.Rc5 Rb6 39.Ra5 Rc6 40.Ra8 Rb6 41.Rf8+ Kg6 42.Ra8
Kf6 43.Ra4 Rc6 44.Kf4 Rb6 45.g4 fxg4 46.hxg4 h6 47.e4 Rc6 48.Rd4 Ra6 49.Rd5
Rb6 50.Rd8 Ra6 51.e5+ Ke6 52.Rh8 Ra4+ 53.Kg3 Kxe5 54.Rxh6 Ra8 55.Kh4 Rf8
56.Kh5 Kf4 57.g5 Kf5 58.Rh7 Ke6 59.Kg6 Rg8+ 60.Rg7 Rh8 61.Ra7 Rg8+ 62.Kh6 Rh8+
63.Kg7 Rh1 64.Rf7 Ra1 65.g6 Ra8 66.Rf1 Ra7+ 67.Kg8 Ra8+ 68.Kh7 Ra2 69.g7 Rh2+
70.Kg8 Ra2 71.Rh1 {#r} 1-0

[Event "CHN Team Men 2017"]
[Site "Beijing CHN"]
[Date "2017.06.10"]
[Round "5.2"]
[White "Zhao,Zhouqiao CHN"]
[Black "Lin Chen"]
[Result "0-1"]
[WhiteElo "2237"]
[BlackElo "2455"]
[EventType "team"]

1.d4 Nf6 2.Nf3 g6 3.Bf4 Bg7 4.h3 c5 5.c3 O-O 6.e3 cxd4 7.exd4 d6 8.Be2 Nd5
9.Bh2 Bh6 10.O-O Nf4 11.Bxf4 Bxf4 12.Re1 Nd7 13.Nbd2 Nf6 14.Bd3 Bh6 15.Qe2 e6
16.Ne4 Nxe4 17.Qxe4 Rb8 18.a4 Bd7 19.Bb5 Bc8 20.Bd3 a6 21.Qe2 Bd7 22.a5 Qc7
23.Nd2 Bc6 24.Be4 Bd7 25.Bd3 Rbe8 26.Nc4 Bc6 27.Nb6 e5 28.d5 Bd7 29.Bc2 Re7
30.Qc4 Be8 31.Qh4 Kg7 32.Ba4 f5 33.Qb4 e4 34.Nc4 Bf4 35.g3 Be5 36.f4 exf3
37.Nxe5 Rxe5 38.Rxe5 dxe5 39.d6 Qf7 40.Bb3 Qd7 41.Ba4 Qf7 42.Bb3 Qf6 43.Qxb7+
Bf7 44.Bxf7 Rxf7 45.Qd5 f4 46.g4 Qh4 47.Qxf3 e4 48.Qxe4 Qxh3 49.Rf1 Qxg4+
50.Qg2 Qe6 51.Qd2 f3 52.Qd4+ Kg8 53.Rd1 Qe2 54.Rd2 Qe1+ 55.Kh2 f2 56.d7 Qg1+
{#R} 0-1

[Event "10th Mayors Cup Open 2017"]
[Site "Mumbai IND"]
[Date "2017.06.06"]
[Round "4.1"]
[White "Ghosh,D"]
[Black "Iniyan,P"]
[Result "1-0"]
[WhiteElo "2569"]
[BlackElo "2392"]

1.Nf3 Nf6 2.g3 g6 3.Bg2 Bg7 4.O-O O-O 5.d4 d6 6.b3 a5 7.c4 e5 8.dxe5 dxe5
9.Ba3 Re8 10.Qxd8 Rxd8 11.Nc3 Nc6 12.Rad1 Bf5 13.Nh4 Be6 14.Bxc6 bxc6 15.Nf3
Re8 16.Ng5 Bf5 17.e4 Bg4 18.f3 Bc8 19.Kg2 Nd7 20.Rf2 Bh6 21.Bc1 Bf8 22.Be3 f6
23.Nh3 Bc5 24.Re2 Bb4 25.Na4 Rb8 26.Nf2 Nb6 27.Nc5 Bxc5 28.Bxc5 a4 29.Be3 Be6
30.Nd3 axb3 31.axb3 Nd7 32.Rb2 Rb7 33.Kf2 Kf7 34.Ke2 Reb8 35.Rdb1 g5 36.Kd2
Kg6 37.Kc3 f5 38.Ra1 g4 39.fxg4 fxe4 40.Nf2 Nf6 41.Ra6 Nxg4 42.Nxg4 Bxg4
43.Rxc6+ Kg7 44.Bg5 Re8 45.b4 Re6 46.Rxe6 Bxe6 47.Ra2 Kg6 48.Be3 Rb8 49.Ra6
Kf6 50.h4 h5 51.b5 Kf5 52.Bg5 Rf8 53.Rc6 Rf7 54.Rc5 Rd7 55.Bf4 Kg4 56.Rxe5 Bf5
57.Kb4 Rf7 58.Kc5 Kf3 59.Kc6 Bg4 60.c5 Kf2 61.Kb7 Bf3 62.c6 Rg7 63.Kb8 Rf7
64.Kb7 Rg7 65.Ka8 Rg8+ 66.Ka7 Rg7 67.Kb7 Rf7 68.Kb8 Rg7 69.Re8 Be2 70.Re5 Bf3
71.b6 cxb6 72.c7 Bg4 73.Rxe4 Rg8+ 74.Ka7 b5 75.Rb4 Bd7 76.Rd4 Be6 77.Rd8 Rg7
78.Rb8 Bd7 79.Rd8 Be6 80.Kb8 b4 81.c8=Q Bxc8 82.Kxc8 Rxg3 83.Bxg3+ Kxg3 84.Kd7
Kxh4 85.Ke6 Kg4 86.Ke5 h4 87.Ke4 Kg3 88.Ke3 h3 89.Rg8+ Kh2 90.Kf2 b3 91.Rb8
{#r} 1-0

[Event "10th Mayors Cup Open 2017"]
[Site "Mumbai IND"]
[Date "2017.06.10"]
[Round "9.2"]
[White "Neelotpal,D"]
[Black "Deepan,C"]
[Result "1-0"]
[WhiteElo "2438"]
[BlackElo "2480"]

1.d4 Nf6 2.Nf3 g6 3.g3 Bg7 4.Bg2 c5 5.d5 e6 6.Nc3 d6 7.O-O e5 8.Nd2 O-O 9.Nc4
Na6 10.e4 Nc7 11.f4 exf4 12.Bxf4 Nfe8 13.Qd2 f6 14.Bh6 Bd7 15.Bxg7 Kxg7 16.a4
Rb8 17.Rf2 a6 18.a5 Bb5 19.Nxb5 axb5 20.Ne3 Qd7 21.Raf1 Rd8 22.g4 h6 23.h4 Rh8
24.g5 hxg5 25.hxg5 b4 26.gxf6+ Kf7 27.e5 dxe5 28.Nc4 Rh5 29.Qe2 Nd6 30.Qxh5
{#r} 1-0

[Event "44th OKU 2017"]
[Site "Utrecht NED"]
[Date "2017.06.09"]
[Round "1.4"]
[White "Piet,J"]
[Black "Ten Hertog,H"]
[Result "0-1"]
[WhiteElo "2070"]
[BlackElo "2457"]

1.Nf3 g6 2.g3 Bg7 3.d4 d6 4.Bg2 Nf6 5.O-O O-O 6.a4 Nc6 7.a5 e5 8.Nc3 e4 9.Nd2
d5 10.e3 Re8 11.Ne2 Ne7 12.b4 h5 13.h4 a6 14.Ba3 Bg4 15.Qe1 Nf5 16.c4 c6
17.Rc1 Bh6 18.Rc3 Kg7 19.Nb3 g5 20.hxg5 Bxg5 21.Nf4 Bxf4 22.exf4 h4 23.Qc1 h3
24.Bh1 h2+ 25.Kxh2 Rh8+ 26.Kg1 Rxh1+ 27.Kxh1 Qh8+ 28.Kg1 Bf3 29.Rxf3 Ng4
30.Rd1 Qh2+ 31.Kf1 exf3 {#R} 0-1